| 000 | 01121nam a2200217 a 4500 | ||
|---|---|---|---|
| 001 | 000192796 | ||
| 003 | AM-YeHGA | ||
| 005 | 20250617160950.0 | ||
| 008 | 990717s1962 ||||||||||||||||||||rus d | ||
| 040 | _aAM-YeHGA | ||
| 245 | 0 | 0 |
_aТорий : _bТруды конференции по торию, созванной 11 октября 1956 г. в г. Кливленде комиссией по атомной энергии США и Американским обществом металловедения / _cПер. О.А. Алексеева и др. ; Под ред. Г.А. Меерсона. |
| 246 | 3 | 4 | _aThe Metal Thorium |
| 260 |
_aМосква : _bГосатомиздат , _c1962. |
||
| 300 | _a302 с. | ||
| 550 | _aКомиссия по атомной энергии США и Американское общество металловедения | ||
| 650 | 1 | 4 | _aТорий |
| 700 | 1 |
_aАлексеев, О.А. _eпер. _4trl |
|
| 700 | 1 |
_aМеерсон, Г.А. _eред. _4edt |
|
| 711 | 2 |
_aКонференция по торию _d(11 октября 1956 г. : _cКливленд) |
|
| 090 | _c466496 | ||
| 999 |
_c463307 _d463307 |
||